Responses for Show #6655 - Friday, July 19, 2013

Contestants

[<< previous game]

Cal Mason, a lawyer from Arlington, Massachusetts

Alan Baltis, a software developer and consultant from Lakewood, Ohio

Berek Marcus, a video game quality assurance tester from Northborough, Massachusetts (whose 1-day cash winnings total $25,199)

[next game >>]

Jeopardy! Round responses

LESSER-KNOWN NAMES
WORDS IN WORLD CAPITALS
(Alex: Each response will be a short word that's found in a world capital.)
SURVEY SAYS...!
GENEALOGY GLOSSARY
AS THEMSELVES ON TV
"A", BABY!
    $200 14
Egg McMuffin

Cal
    $200 26
hens

Cal
    $200 11
husbands

Alan
    $200 6
(Cal: [Before ringing in] What is a [*]?)
(Alex: You have to ring in.)
[Cal rings in.]
(Alex: That's better.)

widow

Cal
    $200 21
Martha Stewart

Alan
    $200 1
Aborigine

Cal
    $400 15
QWERTY

Cal
    $400 27
ban

Alan
    $400 12
Guinness

Berek
    $1,000 7
(Cal: [Shakes head])

virgo

Cal
    $400 22
Stephen Hawking

Alan
    $400 2
abstain

Berek
    $600 16
steamboat

Cal
    $600 28
can

Alan
    $600 13
telecommuting

Alan
    $600 8
pedigree

Triple Stumper
    $600 23
Entourage

Alan
    $600 3
accent

Berek
    $800 17
(Alan: Who is Erik the Red?)

(Roald) Amundsen

BerekAlan
    $800 29
trip

Berek
    $800 19
(Berek: What is a gravedigger?)

lumberjack

BerekAlan
    $800 9
double date

Alan
    $800 24
(Alan: [No response])
(Alex: Ooh, you're gonna draw a blank, unfortunately.)

Daniel Radcliffe

BerekAlan
    $800 4
amulet

Alan
    $1000 18
(Alan: Who is Andrew Jackson?)
...
(Alex: [*], the bachelor president.)

James Buchanan

Alan
Triple Stumper
    $1000 30
brat

Triple Stumper
    $1000 20
(Cal: What is Miami-St. Petersburg?)

Minneapolis-Saint Paul

AlanCal
    $1000 10
[Alan forgets to phrase his response in the form of a question, and then he corrects himself.]
...
(Alex: All right, we're not off to a great start here. Go again, Alan.)

the Church of Latter-Day Saints

Alan
    $1000 25
Garry Shandling

Berek
    $1000 5
agate

Cal

Scores at the first commercial break (after clue 13):

Berek Alan Cal
$1,400 $3,400 $400

Scores at the end of the Jeopardy! Round:

Berek Alan Cal
$4,000 $4,800 $800

Double Jeopardy! Round responses

WHAT'S YOUR POLICY?
(Alex: We want you to name the film in the category...)
BEST ACTOR OSCARS
THE APPLE STORE
KIDDY LIT CHARACTERS
OLD NAMES ON THE MAP
A "TELL"-ALL CATEGORY
    $400 11
Dollar Diplomacy

Triple Stumper
    $400 6
Amadeus

Alan
    $400 13
red delicious

Cal
    $400 21
Charlie

Berek
    $400 1
Orange

Cal
    $400 26
(Alex: And that is [*].)

tell-tale

Triple Stumper
    $800 12
(Berek: What is slash & burn?)

scorched earth

BerekAlan
    $800 7
There Will Be Blood

Berek
    $800 17
MacIntosh

Alan
    $800 22
Wendy

Cal
    $800 2
(Alan: What is Leningrad?)

Stalingrad

BerekAlan
    $800 27
foretell

Alan
    $1200 14
Big Stick

Alan
    $1200 8
Leaving Las Vegas

Alan
    $1200 18
Granny Smith

Alan
    $1200 23
Ferdinand The Bull

Alan
    $1200 3
Terminus

Alan
    $1600 15
Good Neighbor Policy

Triple Stumper
    $1600 9
Judgment At Nuremberg

Berek
    $1600 19
the Rome Beauty

Cal
    $1600 24
Hans Brinker

Cal
    $2,600 4
(Alan: What is Serbo-Croatia?)
(Alex: No, what is [*]? They were part of [*].)

Yugoslavia

Alan
    $2,300 16
(Alan: What is the Leap Forward?)
(Alex: No, what is [*]? You were nowhere near it, so don't worry about it.)

the One Child Policy

Alan
    $2000 10
The Lost Weekend

Berek
    $2000 20
the Jazz

Triple Stumper
    $2000 25
Bear

Triple Stumper
    $2000 5
Indochina

Triple Stumper
    $2000 28
(Cal: What is intellectual? [The time's-up signal sounds.] What is intellectual prop...)
...
(Alex: Yes, you took too long, Cal, sorry about that.)
[The end-of-round signal sounds.]

intellectual property

AlanCal

Scores at the end of the Double Jeopardy! Round:

Berek Alan Cal
$8,800 $9,900 $3,600

[wagering suggestions for these scores]

Final Jeopardy! Round responses

PULITZER PRIZE-WINNING NOVELS
CalWhat is Deliverence?
$1,600
BerekWhat is Fear and Loathing La
$8,800
AlanWhat is World [illegible]
$7,701
A Confederacy Of Dunces

Final scores:

Berek Alan Cal
$0 $2,199 $2,000
3rd place: $1,000 New champion: $2,199 2nd place: $2,000

Game dynamics:

Coryat scores:

Berek Alan Cal
$8,800 $14,800 $4,600
12 R,
2 W
22 R,
6 W
(including 2 DDs)
12 R,
3 W
(including 1 DD)

Combined Coryat: $28,200

[game clues] [game scores] [suggest correction]

Game tape date: 2013-04-15
The J! Archive is created by fans, for fans. Scraping, republication, monetization, and malicious use prohibited; this site may use cookies and collect identifying information. See terms. The Jeopardy! game show and all elements thereof, including but not limited to copyright and trademark thereto, are the property of Jeopardy Productions, Inc. and are protected under law. This website is not affiliated with, sponsored by, or operated by Jeopardy Productions, Inc. Join the discussion at JBoard.tv.